| 000 | 00445nam a2200181Ia 4500 | ||
|---|---|---|---|
| 001 | 370 | ||
| 005 | 20260306140513.0 | ||
| 008 | 260306t2008||||xx |||||||||||||| ||spa|| | ||
| 041 | _aESP | ||
| 082 |
_a110 _bC287 |
||
| 100 |
_aCusa, Nicolás de _eAUT |
||
| 245 | 0 | _aDiálogos del idiota; El possest; La cumbre de la teoría | |
| 260 | _c2008 | ||
| 300 |
_a249 páginas : _c24 cm. |
||
| 650 | _aGEN | ||
| 654 | _aCHU | ||
| 942 |
_cLIB _dJUS _fJUS _2ddc _n |
||
| 999 |
_c370 _d370 |
||